Processing and processability of polyisoprene and natural rubber (Record no. 65767)

MARC details
000 -LEADER
fixed length control field 00480nam a2200157Ia 4500
100 ## - MAIN ENTRY--AUTHOR NAME
Personal name Snyder R H
245 #0 - TITLE STATEMENT
Title Processing and processability of polyisoprene and natural rubber
260 ## - PUBLICATION, DISTRIBUTION, ETC. (IMPRINT)
Name of publisher Proceedings of the Natural Rubber Research Conference, Kuala Lumpur, 1960; p520-536
650 ## - SUBJECT ADDED ENTRY--TOPICAL TERM
Topical Term Natural rubber
650 ## - SUBJECT ADDED ENTRY--TOPICAL TERM
Topical Term Polyisoprene
700 ## - ADDED ENTRY--PERSONAL NAME
Personal name Freiwald D E
700 ## - ADDED ENTRY--PERSONAL NAME
Personal name Hoerauf H W
700 ## - ADDED ENTRY--PERSONAL NAME
Personal name Nichols P M
942 ## - ADDED ENTRY ELEMENTS (KOHA)
Koha item type Journals
Holdings
Withdrawn status Lost status Damaged status Not for loan Home library Current library Shelving location Date acquired Koha item type
      Journals RRII Library RRII Library Rubber chemistry 17/12/2021 Journals